000 01868nam a22004457a 4500
003 CHAP
005 20220817043327.0
008 971013s1960 r 00010 d
010 _a71995
011 _a72967
035 _a82524
040 _cCHAP
082 _a330.972
_bB34
110 _aBanco Nacional de Comercio Exterior. México
_99867
245 _aMéxico, 1960- , hechos, cifras, tendencias
260 _aMéxico, D. F. :
_bEl Banco,
_c1960-
300 _av.
_b: ilus.
500 _a1960, 1966, 1968 ed. en inglés
500 _aLa biblioteca tiene : 1960, 1963, 1966, 1968, 1973, 1976,
590 _aBATCH-UPD
_b10
_c20130110
_lUCH01
_h0126
590 _aBATCH-UPD
_b10
_c20130110
_lUCH01
_h1132
590 _aBATCH-UPD
_b10
_c20130410
_lUCH01
_h0721
590 _aBATCH-UPD
_b10
_c20130914
_lUCH01
_h0526
590 _aCONVERSION
_b10
_c20130109
_lUCH01
_h1339
650 1 4 _aBalanza de pagos.
_99609
650 1 4 _aComercio
_zMéxico.
_925624
650 1 4 _aMéxico
_xCondiciones económicas.
650 1 4 _aMéxico
_xCondiciones sociales.
_976730
901 _aBK
942 _cLIBRO
949 _a330.972 B34
_bBC
_cLIBRO
_d33724000319323
_eLIBRO
_f1963
_h14093
_i82524
_si
949 _a330.972 B34
_bBC
_cLIBRO
_d33724000319331
_eLIBRO
_f1968
_h27877
_i82524
_si
949 _a330.972 B34
_bBC
_cLIBRO
_d33724000319349
_eLIBRO
_f1966
_h14094
_i82524
_si
949 _a330.972 B34
_bBC
_cLIBRO
_d33724000319356
_eLIBRO
_f1976
_h43289
_i82524
_si
949 _a330.972 B34
_bBC
_cLIBRO
_d33724000319364
_eLIBRO
_f1960
_h16264
_i82524
_si
949 _a330.972 B34
_bBC
_cLIBRO
_d33724000319372
_eLIBRO
_f1973
_h40186
_i82524
_si
949 _a330.972 B34
_bBC
_cLIBRO
_d33724000319380
_eLIBRO
_f1966 c.2
_h28378
_i82524
_si
949 _a330.972 B34
_bBC
_cLIBRO
_d33724000319398
_eLIBRO
_f1973 c.3
_h41390
_i82524
_si
949 _a330.972 B34
_bBC
_cLIBRO
_d33724000319406
_eLIBRO
_f1973 c.2
_h40187
_i82524
_si
999 _c71995
_d71995